Manhood in the making : cultural concepts of masculinity
Αποθηκεύτηκε σε:
| Κύριος συγγραφέας: | |
|---|---|
| Μορφή: | Βιβλίο |
| Γλώσσα: | English |
| Δημοσίευση: |
New Haven :
Yale University Press,
c1990
|
| Θέματα: | |
| Ετικέτες: |
Προσθήκη ετικέτας
Δεν υπάρχουν, Καταχωρήστε ετικέτα πρώτοι!
|
MARC
| LEADER | 00000cam a2200000 i 4500 | ||
|---|---|---|---|
| 001 | 1/68946 | ||
| 008 | 931209s1990 eng d | ||
| 020 | |a 0-300-04646-4 | ||
| 035 | |a ΛΕΣΒΟΣb10002158 |l 10002158 | ||
| 040 | |a GR-MY-UA |b gre |e aacr | ||
| 041 | 0 | |a eng | |
| 082 | 0 | |a 305.31 | |
| 100 | 1 | |a Gilmore, David D., |d 1943- | |
| 245 | 1 | 0 | |a Manhood in the making : |b cultural concepts of masculinity / |c David D. Gilmore |
| 260 | |a New Haven : |b Yale University Press, |c c1990 | ||
| 300 | |a 258 σ.; |c 21 εκ. | ||
| 504 | |a Περιέχει βιβλιογραφικές αναφορές και ευρετήριο | ||
| 650 | 0 | 0 | |a Masculinity |x Cross-cultural studies. |
| 650 | 0 | 0 | |a Machismo |x Cross-cultural studies. |
| 650 | 0 | 0 | |a Men |x Psychology |x Cross-cultural studies. |
| 852 | |a INST |b LESVOS |e 19931209 |h 305.31 GIL |p 005100006636 |q 005100006636 |t BK |y 0 | ||
| 852 | |a INST |b LESVOS |e 19960517 |h 305.31 GIL |p 005100010216 |q 005100010216 |t BK |y 0 | ||
| 852 | |a INST |b LESVOS |e 20070529 |h 305.31 GIL |p 005100037300 |q 005100037300 |t BK |y 0 | ||
| 901 | |a BIBL1-2007-2 | ||
| 909 | |a Λ |b 032815 | ||
| 909 | |a Λ |b 132606 | ||